Score 0/14 Timer 05:00
0 Plays Today
Movie Missing Word % Correct
Teenage Mutant ____ TurtlesNinja
98.6%
____: ImpossibleMission
97.2%
____ and the ChipmunksAlvin
96.5%
____ GadgetInspector
95.4%
My Little ____: The MoviePony
93.7%
The ____ FamilyAddams
90.7%
____ Zone: The MovieTwilight
86.5%
Movie Missing Word % Correct
Ed, Edd, and ____'s Big Picture ShowEddy
85.3%
The ____ Gun: From the Files of Police Squad!Naked
84.4%
____ Camino: A Breaking Bad MovieEl
83%
The Adventures of ____ and BullwinkleRocky
81.7%
Teen ____ Go! To the MoviesTitans
80.7%
____ of DarknessEdge
64.9%
The ____: Fight the FutureX-Files
42.1%
Remove Ads.
Support Sporcle.
Get the best of Sporcle when you Go Orange. This ad-free experience offers more features, more stats, and more fun while also helping to support Sporcle. Thank you for becoming a member.

You're not logged in!

Compare scores with friends on all Sporcle quizzes.
OR
Log In

Sporcle TV

Today on Sporcle TV


Watch our educational content, quiz creation guides, and fun videos on Sporcle TV.

Show Comments

Extras

Top Quizzes Today


Score Distribution

Paid Content

Your Account Isn't Verified!

In order to create a playlist on Sporcle, you need to verify the email address you used during registration. Go to your Sporcle Settings to finish the process.

Report this User

Report this user for behavior that violates our Community Guidelines.

Details: